MDQL
is popping MORE tags! Check the
thread
!
Quizzes
Events
Quiz Creation
Community
Videos
Private Events
Remove Ads
Sign In
Join for FREE
Feedback
Dark Mode
Quiz Categories
Sports
Geography
Music
Movies
Television
Just For Fun
Miscellaneous
History
Literature
Language
Science
Gaming
Entertainment
Religion
Holiday
For Kids
Quiz Lab
Recent
Popular Today
Quiz Kudos Today
Editor Picks
Curator Picks
Quizzes by...
Day
Popularity
Type
Ratings
Length
Year
Community
Subscriptions
Recent Discussions
Orange Saloon
Badges
Playlists
Quests
Create
Leaderboards
Showdown
Live 5
Trivia Bingo
Activity
Puzzle Library
Sporcle Events
Private Events
Virtual Trivia
Globe League
Become a Host
Pub Owners
SporcleCon
Opinionation
Our Games
Videos
Blog
Mobile Apps
Partnerships
Remove Ads and Go Orange
Feedback
Sports
Athletes
MLB
NBA
NHL
NFL
Soccer
Sports Teams
WWE
NCAA
Football
Premier League
Basketball
Baseball
Hockey
Golf
Tennis
Cricket
Rugby
Auto Racing
Olympics
World Cup
Sports
Athletes
MLB
NBA
NHL
NFL
Soccer
Sports Teams
WWE
NCAA
Football
Premier League
Basketball
Baseball
Hockey
Golf
Tennis
Cricket
Rugby
Auto Racing
Olympics
World Cup
Random Quiz
Search Sporcle
×
Quiz Lab
Quiz Lab
Sports
Eredivisie
Type in answers that appear in a list
Type in answers that appear in a list
Classic
Best Score? Go Orange.
Eredivisie XI's 12/13 Stats
Can you name the Eredivisie XI's 12/13?
By
jordy_
15m
198 Questions
191 Plays
191 Plays
191 Plays
Comments
Comments
Give Quiz Kudos
Give Quiz Kudos
-
- Ratings
hide this ad
More Info
Replay
Link that replays current quiz
Next Quiz
Link to next quiz in quiz playlist
You Got
0%
They Got
Avg Score
42%
Avg Friend Score
Upgrade to see
Score Distribution
Jump to the score distribution portion of the page
Score
0/198
Timer
15:00
0
Plays Today
% Correct
Kenneth Vermeer
96.3%
Siem de Jong
91.4%
Erwin Mulder
86.1%
Hans Mulder
86.1%
Ricardo van Rhijn
85.6%
Graziano Pelle
85.6%
Niklas Moisander
84.5%
Stefan de Vrij
81.8%
Bruno Martins Indi
81.8%
Wilfried Bony
81.3%
Christian Eriksen
80.7%
Jordy Clasie
79.7%
Theo Janssen
78.6%
Toby Alderweireld
78.1%
Willem Janssen
78.1%
Daley Blind
77.5%
Diederik Boer
77%
Dries Mertens
76.5%
Piet Velthuizen
76.5%
Daryl Janmaat
75.9%
Christian Poulsen
75.4%
Lex Immers
75.4%
Jetro Willems
75.4%
Kevin Strootman
74.9%
Boy Waterman
74.3%
Mark van Bommel
74.3%
Lasse Schöne
72.2%
Ruben Schaken
72.2%
Georginio Wijnaldum
71.7%
Tonny Trindade de Vilhena
70.1%
Jeremain Lens
70.1%
Esteban Alvarado
70.1%
Wilfred Bouma
69.5%
Jeroen Zoet
69.5%
Joris Mathijsen
69%
Viktor Fischer
68.4%
Guram Kashia
67.9%
Douglas
67.9%
Jozy Altidore
67.4%
Nikolay Mihaylov
66.3%
Wout Brama
66.3%
Jean-Paul Boetius
65.8%
Marcelo
65.8%
Jelle ten Rouwelaar
64.2%
Leroy Fer
62.6%
Adam Maher
62%
Roberto Rosales
61.5%
Gabor Babos
61.5%
Timothy Derijck
61%
Atiba Hutchinson
59.4%
Nick Viergever
58.3%
Virgil van Dijk
58.3%
Alfred Finnbogason
57.8%
Derk Boerrigter
56.7%
Viktor Elm
56.7%
Robbin Ruiter
55.6%
Dusan Tadic
55.1%
Remko Pasveer
54.5%
Luc Castaignos
53.5%
Dirk Marcellis
53.5%
Jacob Mulenga
53.5%
Everton
53.5%
Ramon Zomer
52.4%
Gino Coutinho
52.4%
Luciano
52.4%
Sanharib Malki
51.9%
% Correct
Roy Beerens
50.8%
Marco van Ginkel
49.7%
Patrick van Aanholt
49.7%
Mark van der Maarel
49.7%
Michael de Leeuw
49.7%
Anthony Lurling
49.7%
Renato Ibarra
48.7%
Jan-Arie van der Heijden
47.1%
Tom Beugelsdijk
46.5%
Bram van Polen
46%
Jan Wuytens
45.5%
Jens Janse
45.5%
Christian Kum
44.9%
Mike van Duinen
44.4%
Tomas Kalas
43.9%
Kristoffer Nordfeldt
43.3%
Fred Benson
42.8%
Nemanja Gudelj
42.2%
Jonathan Reis
41.7%
Brian Linssen
41.7%
Rajiv van la Parra
41.2%
Kevin Jansen
41.2%
Eric Botteghin
41.2%
Rasmus Bengtsson
40.6%
Etienne Reijnen
40.6%
Nana Asare
40.6%
Maikel Kieftenbeld
40.6%
Ard van Peppen
40.6%
Jeffrey Gouweleeuw
40.1%
Rens van Eijden
40.1%
Marko Vejinovic
39.6%
Aaron Meijers
39%
Kees Luijckx
39%
Robbert Schilder
38.5%
Mike van der Hoorn
38.5%
Kees Kwakman
38.5%
Henrico Drost
38.5%
Jesper Drost
38.5%
Filip Djuricic
38%
Lerin Duarte
38%
Kwame Quansah
37.4%
Navarone Foor
36.9%
Michel Breuer
35.8%
Melvin Platje
35.8%
Marten de Roon
35.3%
Lorenzo Burnet
35.3%
Davy Bulthuis
34.8%
Tommy Oar
34.8%
Joost Broerse
34.8%
Danny Holla
34.2%
Sven Kums
33.7%
Tjaronn Chery
33.7%
Filip Kurto
33.7%
Aurelien Joachim
33.7%
Markus Henriksen
33.2%
Anouar Kali
33.2%
Mark-Jan Fledderus
33.2%
Mitchell Donald
33.2%
Youness Mokhtar
33.2%
Ryan Koolwijk
32.6%
Teddy Chevalier
32.6%
Edson Braafheid
31.6%
Johan Kappelhof
31.6%
Johann Berg Gudmundsson
31%
Leandro Bacuna
31%
Rob Wielaert
31%
% Correct
Bart Biemans
31%
Genero Zeefuik
29.9%
Sander Duits
29.9%
Gael Kakuta
29.4%
Cedric van der Gun
29.4%
Jordy Buijs
29.4%
Thomas Bruns
29.4%
Niels Fleuren
28.9%
Jordens Peters
28.9%
Ben Rienstra
28.3%
Robert Braber
28.3%
Tim Sparv
27.8%
Elson Hooi
27.8%
Mike te Wierik
27.8%
Pele van Anholt
27.3%
Soren Rieks
27.3%
Donny Gorter
26.2%
Rydell Poepon
25.7%
Guus Hupperts
25.1%
Vito Wormgoor
24.6%
Kevin Conboy
23.5%
Danny Verbeek
23.5%
Frank van Mosselveld
23.5%
Denni Avdic
23.5%
Nick van der Velden
22.5%
Tim Gilissen
22.5%
Niki Maenpaa
22.5%
Yanic Wildschut
22.5%
Rochdi Achenteh
21.9%
David Meul
21.4%
Dion Malone
20.9%
Geoffrey Castillion
20.9%
Florian Jozefzoon
20.9%
Darryl Lachman
20.3%
Leroy George
19.3%
Ninos Gouriye
19.3%
Lukas Marecek
17.6%
Virgil Misidjan
17.6%
Martijn Monteyne
17.1%
Krisztian Nemeth
17.1%
Cuco Martina
17.1%
Sepp de Roover
16.6%
Andraz Kirm
16%
Marc Hocher
16%
Wiljan Pluim
15.5%
Victor Palsson
15%
Guus Joppen
15%
Barry Maguire
14.4%
Philipp Haastrup
14.4%
Kenneth Omeruo
13.4%
Nourdin Boukhari
13.4%
Nils Röseler
13.4%
Christian Dorda
12.8%
Abel Tamata
12.8%
Marcel Seip
12.8%
Giovanni Gravenbeek
12.8%
Niek Vossebelt
12.3%
Adam Sarota
11.8%
Aleksandar Radosavljevic
11.8%
Robbie Haemhouts
11.2%
Danilo Pereira
10.7%
Kees van Buuren
10.7%
Ricky van Haaren
10.2%
Imad Najah
9.6%
Oguzhan Turk
9.1%
Mitchell Pique
7%
Quiz Playlist
Details
Report
Send in Message
Add To Playlist
More Info:
Name the Dutch Eredivisie XI's. Based on the minutes they played in the current season. (April 3th 2013)
Classic:
Type in answers that appear in a list
Last Updated: Feb 16, 2017
Quiz Scoreboard
CHALLENGE
Sign Up to Join the Scoreboard
Show All
Scores
Hide
Comments
May contain spoilers
Recently Published
5x2 Blitz: Bands
by SL_Kpop136
Music
30s
Colored Red Africa Blitz
by spor1
Geography
30s
Find the 'City' Movie
by crazypaving
Movies
60s
More to Explore
Quiz From the Vault
Featured Blog Post
14 Easter Pick-up Lines to Find Eggs With
hide this ad
You Might Also Like...
Tags
Eredivisie
Today's Top Quizzes in Sports
Browse Sports
hide this ad
Today's Top Quizzes in Eredivisie
Browse Eredivisie
Top Contributed Quizzes in Sports
1
Les meilleurs buteurs des matchs entre le PSG et l’OM
2
Les entraîneurs de l'OM et du PSG au 21e siècle
3
Les joueurs passés par le PSG et l'OM
4
2022 World Cup Stars
5
Players with Multiple 50 Home Run Seasons
6
Criteria MLB: Left Handed Sluggers
7
MLB Players with Two .350 Batting Average Seasons
8
Les joueurs passés par le LOSC et le RC Lens
9
NBA Logic Puzzle 2.0
10
Top 10 NHL Goal Scorers of All Time
Explore More
Trending Topics
Crossword
Marvel
Disney
NBA
Harry Potter
Anime
Kpop
Song
Country
Soccer
WWE
NFL
Pokémon
Puzzle
The Office
hide this ad
More By:
jordy_
Quiz
Plays
Rating
Category
Featured
Created
Dutch Eredivisie Champions XI's
10,100
4.69
Sports
Feb 15, 2013
100 Soccer Legends of the 00's
8,148
4.05
Sports
Jun 25, 2012
Premier League: Club topscorer by year
5,771
5.00
Sports
Jan 24, 2019
Eredivisie Yes or No?
5,706
4.86
Sports
Nov 4, 2013
100 Soccer Legends of the 90's
4,512
4.00
Sports
Jun 25, 2012
Go to Creator's Profile
Score Distribution
Quiz Creator Spotlight
jordy_
Follow
Send a Message
Quizzes Created
-
Created Quiz Play Count
-
More By This Creator
Popular Quizzes Today
1
Colored Red Africa Blitz
2
Find the US States - No Outlines Minefield
3
Find the 'City' Movie
4
5x2 Blitz: Bands
5
The Countries of the World
6
Find the US States
7
US States
8
Find the Countries of Europe - No Outlines Minefield
More Sports Quizzes
Mystery Crossword: Big 4 Sports Team VIII
Quiz Lab
Trending Quizzes
Colored Red Europe Blitz I
Colored Red Europe Blitz II
Colored Red Africa Blitz II
Colored Red Europe Blitz III
Colored Red Africa Blitz III
Recently Updated
How Do You Spell That?
pecheneg
Godzilla Movies
pecheneg
Grab Bag: 4-10 Letters
pecheneg
2024 March Madness Bracket
pecheneg
Famous TV Couples
Peacemaker
Champions League XIs: Real Madrid
pecheneg
Largest US Cities 1790-2010
pecheneg
Rides in Walt Disney World
pecheneg
Most Oscar Losses (Acting)
pecheneg
Beyoncé Albums
pecheneg
Trending Topics
Harry Potter
NBA
Crossword
Anime
Kpop
Marvel
Disney
The Office
Soccer
Pokémon
NFL
Country
Puzzle
WWE
Song
Your Account Isn't Verified!
In order to create a playlist on Sporcle, you need to verify the email address you used during registration. Go to your
Sporcle Settings
to finish the process.
Report this User
Report this user for behavior that violates our
Community Guidelines
.
Details:
Send Report
Go to the Sporcle.com Mobile Site →
Comments